Obálka
Pro půjčování e-knih musíte být přihlášeni.
Jak si půjčit online?

Slavíci : kronika československé populární hudby /

Audiokniha s písničkami mapuje šedesátiletou historii české a slovenské populární hudby.

Uloženo v:
Hlavní autor: Hrdinka, Martin, 1966- (Autor, Vypravěč-komentátor)
Další autoři: Piskač, Alan, 1970- (Autor)
Médium: E-audiokniha
Jazyk:Czech
Vydáno: Praha : Supraphon, 2022
Témata:
Tagy:
Žádné tagy
LEADER 06958nim a2201477 i 4500
001 277932
003 CZ PrSKC
005 20240628161525.0
007 sd fungnnmmned
008 221215t20222022xr nnnng i z n cze
015 |a cnb003478060 
024 1 |a 099925667726 
028 0 1 |a SU 6677-2  |b Supraphon 
040 |a ABA001  |b cze  |e rda 
041 0 |d cze  |d slo 
043 |a e-xr---  |a e-xo---  |a e-cs--- 
045 |a x6y2 
072 7 |a 78.07  |x Hudebníci, skladatelé a jiná hudební povolání  |2 Konspekt 
080 |a 78.071.2  |2 MRF 
080 |a 78.071.2-055.2  |2 MRF 
080 |a 785.16.071  |2 MRF 
080 |a 78.03.011.26  |2 MRF 
080 |a (049.5)  |2 MRF 
080 |a (437.3)  |2 MRF 
080 |a (437.6)  |2 MRF 
080 |a (437)  |2 MRF 
080 |a (0.062)  |2 MRF 
080 |a (086.7)08  |2 MRF 
080 |a (086.76)  |2 MRF 
100 1 |a Hrdinka, Martin,  |d 1966-  |7 ola2002150006  |4 aut  |4 nrt 
245 1 0 |a Slavíci :  |b kronika československé populární hudby /  |c napsal a čte: Martin Hrdinka 
264 1 |a Praha :  |b Supraphon,  |c 2022 
264 4 |c ℗2022 
300 |a 1 audiodisk (7 hod., 18 min.) ;  |c 12 cm 
306 |a 071800 
336 |a mluvené slovo  |b spw  |2 rdacontent 
336 |a hraná hudba  |b prm  |2 rdacontent 
337 |a audio  |b s  |2 rdamedia 
338 |a audiodisk  |b sd  |2 rdacarrier 
344 |a digital  |b optical  |2 rda 
347 |a audio soubor  |b MP3  |2 rda 
500 |a Název z disku 
500 |a Původní fonogramy 1972-2020 Supraphon a další 
500 |a Seznam Zlatých a Českých slavíků a písní v pouzdře 
508 |a Režie Alan Piskač 
511 0 |a Čte Martin Hrdinka 
518 |o Nahráno  |d srpen-září 2022  |p studio Professional Sound 
520 2 |a Audiokniha s písničkami mapuje šedesátiletou historii české a slovenské populární hudby.  |b Je neuvěřitelné, jakou sondu do našeho života přinášejí výsledky ankety Zlatý, později Český slavík. Mapujeme šedesátiletou historii této ankety popularity. Moderátor Martin Hrdinka představuje výsledky, nejúspěšnější interprety a hity jednotlivých ročníků, vypráví příběhy stálic i nováčků na nebi populární hudby. Jsou to vlastně malé dějiny československé populární hudby od roku 1962 až do současnosti. Každá kapitola připomíná nejpopulárnější zpěváky, zpěvačky a skupiny příslušného roku, důležité události u nás i ve světě a uzavírá ji píseň z té doby. Nakladatelská anotace. 
611 2 7 |a Český slavík (anketa)  |7 ko2004229907  |2 czenas 
611 2 7 |a Zlatý slavík (anketa)  |7 ko2004229906  |2 czenas 
611 2 7 |a Český slavík Mattoni (anketa)  |7 ko2008435482  |2 czenas 
648 7 |a 20.-21. století  |7 ch462155  |2 czenas 
648 4 |a 1962-2021 
650 0 7 |a ankety  |7 ph228442  |z Česko  |y 20.-21. století  |2 czenas 
650 0 7 |a zpěváci  |7 ph127683  |z Česko  |y 20.-21. století  |2 czenas 
650 0 7 |a zpěváci  |7 ph127683  |z Slovensko  |y 20.-21. století  |2 czenas 
650 0 7 |a zpěvačky  |7 ph127680  |z Česko  |y 20.-21. století  |2 czenas 
650 0 7 |a zpěvačky  |7 ph127680  |z Slovensko  |y 20.-21. století  |2 czenas 
650 0 7 |a hudební skupiny  |7 ph120924  |z Česko  |y 20.-21. století  |2 czenas 
650 0 7 |a hudební skupiny  |7 ph120924  |z Slovensko  |y 20.-21. století  |2 czenas 
650 0 7 |a populární hudba  |7 ph124352  |z Česko  |y 20.-21. století  |2 czenas 
650 0 7 |a populární hudba  |7 ph124352  |z Československo  |2 czenas 
655 7 |a populární hudba  |7 fd992599  |2 czenas 
655 7 |a populárně-naučné publikace  |7 fd131864  |2 czenas 
655 7 |a audioknihy  |7 fd119452  |2 czenas 
655 7 |a kompaktní disky  |7 fd201991  |2 czenas 
700 1 |a Piskač, Alan,  |d 1970-  |7 jo2012730112  |4 drt 
900 |a ABA001  |b 18 
044 |a xr 
505 0 0 |t Slavíci 1. - 1962 (9 min., 58 sek.) 
505 0 0 |t Slavíci 2. - 1963 (10 min., 29 sek.) 
505 0 0 |t Slavíci 3. - 1964 (9 min., 6 sek.) 
505 0 0 |t Slavíci 4. - 1965 (7 min., 43 sek.) 
505 0 0 |t Slavíci 5. - 1966 (7 min., 59 sek.) 
505 0 0 |t Slavíci 6. - 1967 (9 min., 19 sek.) 
505 0 0 |t Slavíci 7. - 1968 (7 min., 51 sek.) 
505 0 0 |t Slavíci 8. - 1969 (9 min., 13 sek.) 
505 0 0 |t Slavíci 9. - 1970 (6 min., 42 sek.) 
505 0 0 |t Slavíci 10. - 1971 (6 min., 56 sek.) 
505 0 0 |t Slavíci 11. - 1972 (9 min., 3 sek.) 
505 0 0 |t Slavíci 12. - 1973 (6 min., 50 sek.) 
505 0 0 |t Slavíci 13. - 1974 (6 min., 48 sek.) 
505 0 0 |t Slavíci 14. - 1975 (6 min., 22 sek.) 
505 0 0 |t Slavíci 15. - 1976 (7 min., 15 sek.) 
505 0 0 |t Slavíci 16. - 1977 (6 min., 51 sek.) 
505 0 0 |t Slavíci 17. - 1978 (7 min., 40 sek.) 
505 0 0 |t Slavíci 18. - 1979 (8 min., 43 sek.) 
505 0 0 |t Slavíci 19. - 1980 (8 min., 8 sek.) 
505 0 0 |t Slavíci 20. - 1981 (10 min., 2 sek.) 
505 0 0 |t Slavíci 21. - 1982 (8 min., 28 sek.) 
505 0 0 |t Slavíci 22. - 1983 (8 min., 54 sek.) 
505 0 0 |t Slavíci 23. - 1984 (9 min., 11 sek.) 
505 0 0 |t Slavíci 24. - 1985 (8 min., 22 sek.) 
505 0 0 |t Slavíci 25. - 1986 (8 min., 4 sek.) 
505 0 0 |t Slavíci 26. - 1987 (9 min., 47 sek.) 
505 0 0 |t Slavíci 27. - 1988 (8 min., 1 sek.) 
505 0 0 |t Slavíci 28. - 1989 (8 min., 37 sek.) 
505 0 0 |t Slavíci 29. - 1990 (8 min., 18 sek.) 
505 0 0 |t Slavíci 30. - 1991 (7 min., 39 sek.) 
505 0 0 |t Slavíci 31. - 1996 (9 min., 0 sek.) 
505 0 0 |t Slavíci 32. - 1997 (8 min., 8 sek.) 
505 0 0 |t Slavíci 33. - 1998 (8 min., 43 sek.) 
505 0 0 |t Slavíci 34. - 1999 (7 min., 28 sek.) 
505 0 0 |t Slavíci 35. - 2000 (7 min., 32 sek.) 
505 0 0 |t Slavíci 36. - 2001 (7 min., 30 sek.) 
505 0 0 |t Slavíci 37. - 2002 (7 min., 51 sek.) 
505 0 0 |t Slavíci 38. - 2003 (7 min., 30 sek.) 
505 0 0 |t Slavíci 39. - 2004 (8 min., 0 sek.) 
505 0 0 |t Slavíci 40. - 2005 (8 min., 26 sek.) 
505 0 0 |t Slavíci 41. - 2006 (7 min., 22 sek.) 
505 0 0 |t Slavíci 42. - 2007 (7 min., 57 sek.) 
505 0 0 |t Slavíci 43. - 2008 (8 min., 25 sek.) 
505 0 0 |t Slavíci 44. - 2009 (7 min., 53 sek.) 
505 0 0 |t Slavíci 45. - 2010 (7 min., 31 sek.) 
505 0 0 |t Slavíci 46. - 2011 (7 min., 15 sek.) 
505 0 0 |t Slavíci 47. - 2012 (8 min., 11 sek.) 
505 0 0 |t Slavíci 48. - 2013 (6 min., 26 sek.) 
505 0 0 |t Slavíci 49. - 2014 (7 min., 24 sek.) 
505 0 0 |t Slavíci 50. - 2015 (7 min., 58 sek.) 
505 0 0 |t Slavíci 51. - 2016 (8 min., 7 sek.) 
505 0 0 |t Slavíci 52. - 2017 (7 min., 17 sek.) 
505 0 0 |t Slavíci 53. - 2021 (8 min., 5 sek.) 
505 0 0 |t Slavíci - 60 let (9 min., 58 sek.) 
910 |a RBIT002 
998 |d 393894  |a https://core.palmknihy.cz/api/books/393894/cover?s5q5rs  |b https://core.palmknihy.cz/api/books/393894/cover/400?s5q5rs  |c https://core.palmknihy.cz/api/books/393894/cover/50?s5q5rs  |e 2099-01-01  |i 099925667726  |l 26266  |q 49  |r 1  |s https://www.palmknihy.cz/kniha/393894  |t audiobook  |y 2022  |z 0 
999 |d 277930